Doğu Batı : (Record no. 13414)

MARC details
000 -BAŞLIK
Sabit Uzunlukta Kontrol Alanı 01020nam a22003017a 4500
999 ## - SİSTEM KONTROL NUMARALARI (KOHA)
Koha Biblionumber 13414
Koha Biblioitemnumber 13414
003 - KONTROL NUMARASI IDENTIFIER
Denetim Alanı TR-AnCHP
005 - SON İŞLEM TARİHİ VE ZAMANI
Denetim Alanı 20190717154643.0
008 - SABİT-BOY VERİ ELEMANLARI - GENEL BİLGİLER
Sabit Uzunlukta Kontrol Alanı 190717b tu ||||| |||| 00| 0 tur d
020 ## - ULUSLARARASI STANDART KİTAP NUMARASI
Uluslararası Standart Kitap Numarası 9789758717422
040 ## - KATALOGLAMA KAYNAK
Orijinal Kataloglama Ajansı TR-AnCHP
Metne Dönüştürmek Ajansı TR-AnCHP
041 0# - DİL KODU
Metin / Ses Parça Veya Ayrı Başlığın Dil Kodu tur
082 ## - DEWEY ONLU SINIFLANDIRMA NUMARASI
Sınıflandırma Numarası 956.1015
Ürün Numarası İ52d 2016
100 0# - ANA GİRİŞ - KİŞİSEL İSİM
Kişisel Ad İnalcık, Halil
Bir Adıyla İlişkilendirilen Tarihler 1916-2016
245 0# - BAŞLIK TABLOSU
Başlık Doğu Batı :
Başlığın Kalan Makaleler II /
Sorumluluk Tablosu, Vb Halil İnalcık ; yayına hazırlayanlar Taşkın Takış, Sunay Aksoy.
250 ## - EDITION TABLOSU
Baskı Beyanı 3. bs.
260 ## - YAYIN, DAĞITIM, VB
Yayın, Dağıtım, Vb Yeri Ankara:
Yayıncı, Dağıtıcı, Vs Adı Doğu Batı Yayınları,
Yayın, Dağıtım, Vb Tarihi 2016.
300 ## - FİZİKSEL TANIM
Kapsam 389 s.:
Boyutlar 23 sm.
490 0# - SERİSİ TABLOSU
Seri Beyanı Doğu Batı Yayınları;
-- Tarih;
Hacim / Ardışık Tanımı 39.
-- 6.
504 ## - KAYNAKÇA VB NOT
Kaynakça Vb Notu Dizin vardır.
504 ## - KAYNAKÇA VB NOT
Kaynakça Vb Notu Bibliyografik bilgi içermektedir.
600 14 - KONU KATMA GİRİŞ - KURUMSAL ADI
9 (RLIN) 1922
Kişisel Ad İnalcık, Halil
Bir Adıyla İlişkilendirilen Tarihler 1916-2016
Genel Alt Bölümü Makaleler
650 #0 - KONU KATMA GİRİŞ - TOPİKAL DÖNEM
Topikal Süreli Veya Coğrafi Ad Giriş Elemanı Tarih
9 (RLIN) 5057
Genel Alt Bölümü Osmanlı İmparatorluğu
650 #4 - KONU KATMA GİRİŞ - TOPİKAL DÖNEM
Topikal Süreli Veya Coğrafi Ad Giriş Elemanı Tarih
9 (RLIN) 1099
Coğrafi Alt Bölümü Türkiye
Kronolojik Alt Bölümü Cumhuriyet dönemi
700 ## - KATMA GİRİŞ - KİŞİSEL İSİM
9 (RLIN) 5889
Kişisel Ad Takış, Taşkın
Relator Terim yay. haz.
700 ## - KATMA GİRİŞ - KİŞİSEL İSİM
9 (RLIN) 5890
Kişisel Ad Aksoy, sunay
Relator Terim yay. haz.
740 ## - KATMA GİRİŞ - KONTROLSUZ İLGİLİ / ANALİTİK BAŞLIK
Kontrol Edilmeyen / İlgili Analitik Başlıktaki Makaleler II
942 ## - EKLENDİ GİRİŞ ELEMANLARI (KOHA)
Sınıflandırma Veya Raf Düzeni Kaynak Dewey Decimal Classification
Koha Öğesi Türü Books
Holdings
Kalıcı Konum Mevcut Konum Edinme Tarihi Toplam Check-Out'Lar Tam Çağrı Numarası Barkod Tarih Son Görülme Kopya Sayısı İtibaren Geçerli Fiyatlar Koha Öğesi Türü
CHP Kütüphanesi CHP Kütüphanesi 07/17/2019   956.1015 İ52d 2016 019279 07/17/2019 c.2 07/17/2019 Books